000 00625nam a22001937a 4500
005 20100811114222.0
010 _aENG-99568
020 _a9788190732253
_c50.00
035 _aEN-83100
037 _bDBAD/PUB
082 _a485
100 _aRevathi, R
_910674
245 _aTeaching English /
_cby R Revathi
260 _aChennai
_bGangadhar Padhipagam
_c2008
270 _aNew No 19 Azeez nagar Ist Street Kodambakkam
_bChennai
_e600024
300 _a57p
_c18cm(pbk)
942 _2ddc
_cEN
_h485
_mREV
999 _c40892
_d40892